Statistics for States Smaller Than Every State They Border

Click here to take the quiz!

General Stats

  • This quiz has been taken 20 times
  • The average score is 13 of 15

Answer Stats

Total Area M^2State% Correct
1,034Rhode Island
100%
1,545Rhode Island
100%
9,349New Hampshire
95%
32,020South Carolina
95%
2,489Delaware
89%
1,949Delaware
89%
71,298Washington
89%
66,456Washington
89%
36,420Indiana
84%
35,826Indiana
84%
56,273Iowa
84%
43,204Louisiana
84%
82,170Utah
84%
70,698North Dakota
79%
69,001North Dakota
79%

Score Distribution

Percentile by Number Answered

Percent of People with Each Score

Your Score History

You have not taken this quiz